Регионална библиотека "Любен Каравелов" - Русе

Химн (Запис номер 19203)

MARC детайли
000 -Лидер
Контролно поле с фиксирана дължина 01614nam a2200373 c 4500
003 - Код на организацията, давaща контролен номер
Контролно поле BLK
005 - Дата и час на последна редакция
Контролно поле 20220224130508.0
008 - Елементи от данни с фиксирана дължина
fixed length control field 180413b bul|||||r ||||||| ||bul||
010 ## - Наследен системен номер
LC control number KNG00021306000
020 ## - Международен стандартен номер на книга ISBN
Международен стандартен номер на книга ISBN 978-954-8585-21-7
-- издат.: МаК
020 ## - Международен стандартен номер на книга ISBN
Международен стандартен номер на книга ISBN 978-954-321-722-9
-- издат.: Изток-Запад
040 ## - Източник на каталожния запис
Идентификатор на билиотеката - собственик на записа BLK
041 ## - Код за език
Код за езика на текст/звукозапис или на отделно заглавие Български
Код за езика КДБФ Български
072 #7 - Код за тематичната категория
Код организация bullib
Код за тематична категория Н83
Текст Чужда художествена литература Н
080 ## - УДК
Текстов определител УДК Американска литература (на САЩ)
УДК код - определител по УДК 821.111(73)
УДК определител -31
УДК - код + определител 821.111(73)-31
100 1# - Редна дума - Автор
Автор Ранд, Айн
Авторска отговорност първи автор
Автор - информация (биография) Розенбаум, Алиса Зиновиевна
R(LIN) 263604
139 ## - Редно поле
Редна дума Ранд, Айн
Авторски знак Ранг - Р 35
245 10 - Сведения за заглавието
Заглавие Химн
Редно поле (дума) Айн Ранд; Алиса Зиновиевна Розенбаум; прев. от англ. Милена Попова.
257 ## - Страна на издаване
Страна на създаване/издаване Съединени американски щати
260 ## - Област на издателските данни
-- София
Име на издателя, разпространителя и проч. МаК
-- Изток-Запад
Година на издаване 2010
300 ## - Физическа характеристика
Страници 72 с.
Размери/Мащаб 22 см
Съпровождащи материали CD
380 ## - Жанр
Жанр Худож. лит.
490 1# - СЕРИИ (Колекции)
Име на серия Колекция Айн Ранд
500 ## - Общи забележки
Забележка Ориг. загл. Anthem / Ayn Rand. - Айн Ранд - псевд. на Алиса Зиновиевна Розенбаум. - Прил. със същото загл. и сигн. CD 2697.
653 ## - Ключова дума – ненормативна
Ключова дума романи
659 ## - Тематичен бюлетин
Тематичен бюлетин Н
700 1# - Други автори (авторска отговорност)
Лично име Розенбаум, Алиса Зиновиевна
9 (RLIN) 263605
700 1# - Други автори (авторска отговорност)
Лично име Попова, Милена
Автороска отговорност (Описва отношението между автора и произведението) прев. от англ.
9 (RLIN) 257282
852 ## - Местоположение
Форматна сигнатура Цб 251356
856 4# - Електронен адрес и достъп
Електронен формат pdf - файл
Път до файла /url/
856 4# - Електронен адрес и достъп
Електронен формат pdf - файл
Път до файла /url/
942 ## - АРТИКУЛИ
Вид на библиотечния материал Книги
Скрит в OPAC Не
Koha issues (borrowed), all copies 9
944 ## - СЪЗДАВАНЕ И РЕДАКЦИЯ на ЗАПИСА
Създаване/Редакция Създаване
Дата на регистрацията/редакция 25.03.2011
Статус, дата на статуса ф /
Служител, извършил регистрацията/редакцията Валя_Йорданова
944 ## - СЪЗДАВАНЕ И РЕДАКЦИЯ на ЗАПИСА
Създаване/Редакция Редакция
Дата на регистрацията/редакция 14.04.2011
Статус, дата на статуса ф /
Служител, извършил регистрацията/редакцията
999 ## - СИСТЕМНИ КОНТРОЛНИ НОМЕРА
Koha biblionumber 19203
Koha biblioitemnumber 19203
Наличности
Код за отписване Код за изгубен артикул Код за повреда Коз за рестрикции Код за отдаване Артикулен № Име на библиотеката - собственик Име на библиотеката, в която се намира в момента Статус (Текущо местоположение) Дата на вписване в системата Местоположение - отдел Цена в лева Инвентарен номер Систематично азбучна сигнатура Баркод Номер на екземпляра Цена в евро Служебна бележка Служебен тип на артикула
  Не е изгубен Не е повреден без рестрикции ползва се в читалня 32008 Регионална библиотека "Любен Каравелов" Русе Регионална библиотека "Любен Каравелов" Русе Хранилище 2011-03-23 Хранилище 8.00 120000750016 Цб 251356 120000750016 1 4.09 Дост: Dp Вид: Д N: 28 Дата: 14.07.2010 Книги
  Не е изгубен Не е повреден без рестрикции заемане за дома 32009 Регионална библиотека "Любен Каравелов" Русе Регионална библиотека "Любен Каравелов" Русе Заемна - подръчен фонд 2011-04-15 Заемна - подръчен фонд 8.00 120000750505 П 820(73)-31/Р 35 120000750505 2 4.09 Дост: DA Вид: А N: 6 Дата: 15.04.2011 Дата инв: 13.02.2018 Бележки инв: П2018 Книги
Vip Innovations Ltd, Rousse, Bulgaria 2025